Fundamental Of Multimedia / (Record no. 195321)

MARC details
000 -LEADER
fixed length control field 00626nam a22001937a 4500
005 - DATE AND TIME OF LATEST TRANSACTION
control field 20230317145048.0
010 ## - LCCN (DPL NO)
LC control number ENG-136459
020 ## - INTERNATIONAL STANDARD BOOK NUMBER
Terms of availability 895.00
International Standard Book Number 9788181982506
035 ## - SYSTEM CONTROL NUMBER
System control number EN-119991
037 ## - SOURCE OF ACQUISITION
Source of stock number/acquisition DBAD/PUB
082 ## - DEWEY DECIMAL CLASSIFICATION NUMBER
Classification number 006
100 ## - MAIN ENTRY--PERSONAL NAME
Personal name Bhargava, Neeraj
245 ## - TITLE STATEMENT
Title Fundamental Of Multimedia /
Statement of responsibility, etc By Neeraj Bhargava; Ritu Bhargava and Ajay Gaur
250 ## - EDITION STATEMENT
Edition statement First
260 ## - PUBLICATION, DISTRIBUTION, ETC. (IMPRINT)
Name of publisher, distributor, etc University Book House Pvt Ltd
Place of publication, distribution, etc Jaipur
Date of publication, distribution, etc 2011
270 ## - ADDRESS
Address 79,Chaura Rasta
City Jaipur
Postal code 3
Telephone number 01412311466
-- 01412313382
Electronic mail address uni_bookhouse@yahoo.com
Fax number 01414013697
300 ## - PHYSICAL DESCRIPTION
Extent 195p.
Dimensions 23cm(hbk)
942 ## - ADDED ENTRY ELEMENTS (KOHA)
Source of classification or shelving scheme Dewey Decimal Classification
Item type English Books
Classification part 006
Call number suffix NEE
Holdings
Withdrawn status Lost status Not for loan Collection code Home library Current library Date acquired Source of acquisition Cost, normal purchase price Full call number Barcode Copy number Koha item type
      Non-fiction Katevara Katevara 17/03/2023 DBAD/PUB 895.00 006 NEE EN-119991 1 English Books

© Delhi Public Library
Hit Counter
free hit counter